🎶Paroles "Entre père et mari" Yves Duteil - Statistiques

Statistiques générales
  • Ce quiz a Ă©tĂ© pris 6 fois
  • Le rĂ©sultat moyen est 99 sur 282
Statistiques - réponses
Mots % Correct
Ă 
100%
et
100%
Et
100%
m'
100%
Ma
100%
Entre
80%
entré
80%
mari
80%
mari.
80%
père
80%
j'
60%
J'
60%
l'
60%
la
60%
le
60%
Les
60%
les
60%
me
60%
n'
60%
ne
60%
s'
60%
ai
40%
aime
40%
aime"
40%
aimer
40%
au
40%
Au
40%
autre
40%
Aux
40%
avoir
40%
bien
40%
D'
40%
De
40%
de
40%
dire
40%
du
40%
ĂŞtre
40%
femme
40%
fille
40%
fort
40%
Je
40%
"je
40%
jour
40%
mais
40%
mĂŞme
40%
mes
40%
ni
40%
par
40%
que
40%
qui
40%
se
40%
si
40%
Si
40%
suis
40%
Un
40%
une
40%
vous
40%
amour
20%
avec
20%
belles
20%
ce
20%
cesse
20%
cet
20%
cœur
20%
cœurs
20%
comme
20%
creux
20%
dans
20%
Dans
20%
été
20%
faire
20%
fois
20%
hommes
20%
jamais
20%
lignes
20%
lui
20%
mains
20%
mon
20%
monde
20%
Pour
20%
pour
20%
pourra
20%
Quand
20%
quand
20%
Rien
20%
rien
20%
sais
20%
Sans
20%
sans
20%
Sur
20%
tant
20%
temps
20%
tout
20%
vie
20%
vie,
20%
vivre
20%
voir
20%
vos
20%
votre
20%
Votre
20%
vĂ´tre
20%
absolu
0%
ainsi
0%
âmes
0%
aussi
0%
Aussi
0%
chagrins
0%
chemin
0%
choisi
0%
connu
0%
défaire
0%
défiance
0%
Démêler
0%
deux
0%
Devenue
0%
Différents
0%
douces
0%
écheveau
0%
éclabousse
0%
effondrent
0%
émoussent
0%
entraîne
0%
flux
0%
fondent
0%
frayeurs
0%
fureurs
0%
garde
0%
grandit
0%
Heureux
0%
Hors
0%
îles
0%
immense
0%
Insoumises
0%
Installé
0%
jardin
0%
libertés
0%
Lié
0%
Lorsque
0%
mĂŞmes
0%
murailles
0%
oubli
0%
parmi
0%
partagées
0%
peur
0%
pleurs
0%
pourtant
0%
problème
0%
pur
0%
rebelles
0%
regarde
0%
regards
0%
séché
0%
secrets
0%
semblables
0%
sève
0%
silence
0%
soif
0%
source
0%
Sourcier
0%
taire
0%
témoin
0%
tendresse
0%
trésor
0%
tressées
0%
trouvé
0%
verre
0%
Aucun quiz correspondant
Distribution des résultats
% des personnes avec chaque résultat
Percentile par nombre de réponses
Votre historique - résultats
Vous n’avez pas pris ce quiz